| 000 | 00654nam a22001337a 4500 | ||
|---|---|---|---|
| 040 | _cRUA | ||
| 082 | _aANS PIE 2015 B479 Or.1 | ||
| 100 | _aPIEN SOVANDET; ពៀន សុវណ្ណដេត | ||
| 245 | _aStudy on lactation sow raising at tek hun's farm in borsedth district, kampong speu province; ការសិក្សាលើការចិញ្ចឹមជ្រូកមេបំបៅដោះនៅកសិដ្ឋានតឹក ហ៊ុន ស្រុកបរសេដ្ឋ ខេត្តកំពង់ស្ពឺ | ||
| 260 |
_aPhnom Penh _bRUA _c2015 |
||
| 300 |
_axi;42p. _bill. _c29cm. |
||
| 856 | _uPIEN SOVANDET | ||
| 942 | _cANS | ||
| 999 |
_c8110 _d8110 |
||